[Event "Bengaluru Karnataka op"]
[Site "Bengaluru"]
[Date "2018.04.14"]
[Round "2"]
[White "Mahendran, T."]
[Black "Babu, Mahadevaswamy"]
[Result "1/2-1/2"]
[WhiteElo "2101"]
[BlackElo "1142"]
[PlyCount "114"]
[EventDate "2018.04.14"]
[EventType "swiss"]
[EventRounds "10"]
[EventCountry "IND"]
[SourceTitle "CBM 184 Extra"]
[Source "ChessBase"]
[SourceDate "2018.06.28"]
[SourceVersion "1"]
[SourceVersionDate "2018.06.28"]
[SourceQuality "1"]

1. e4 c5 2. Nf3 Nc6 3. Bc4 e6 4. Nc3 Be7 5. a3 Nf6 6. 0-0 0-0 7. h3 Nxe4 8. Nxe4 d5 9. Bxd5 exd5 10. Ng3 Re8 11. d3 h6 12. c3 Bf6 13. d4 b6 14. Be3 Qc7 15. dxc5 Rxe3 16. cxb6 axb6 17. Nh5 Re6 18. Nd4 Nxd4 19. Nxf6+ Rxf6 20. Qxd4 Be6 21. Rfe1 Qc5 22. Rad1 Qxd4 23. Rxd4 b5 24. Re5 Ra4 25. Rd2 Re4 26. Rxe4 dxe4 27. Rd4 Rf4 28. f3 f5 29. Kf2 g5 30. Rb4 e3+ 31. Kxe3 Rxb4 32. axb4 Kf7 33. Kd4 Ke7 34. Kc5 Bd7 35. b3 Kd8 36. c4 bxc4 37. bxc4 Kc7 38. b5 Be6 39. Kb4 f4 40. c5 Bf7 41. Kc3 h5 42. Kd4 Be6 43. Ke5 Bc8 44. h4 gxh4 45. Kxf4 h3 46. gxh3 Bxh3 47. Kg3 Bf1 48. b6+ Kb7 49. f4 Bd3 50. Kh4 Bg6 51. Kg5 Be8 52. f5 Kc6 53. f6 Bf7 54. Kh4 Kb7 55. Kg5 Kc6 56. Kh4 Kb7 57. Kg5 Kc6 1/2-1/2